[Event "European Women's Championship"]
[Site "Vysoke Tatry"]
[Date "2018.04.19"]
[Round "11"]
[White "Kursova, Maria"]
[Black "Shvayger, Yuliya"]
[Result "1/2-1/2"]
[Board "21"]
[WhiteElo "2278"]
[WhiteTitle "WGM"]
[WhiteCountry "ARM"]
[WhiteFideId "4129709"]
[WhiteEloChange "3"]
[BlackElo "2404"]
[BlackTitle "IM"]
[BlackCountry "ISR"]
[BlackFideId "14100126"]
[BlackEloChange "-2"]

1. d4 {[%clk 1:30:57]} Nf6 {[%clk 1:30:51]} 2. Nf3 {[%clk 1:31:19]} e6 {[%clk
1:30:36]} 3. c4 {[%clk 1:31:26]} d5 {[%clk 1:30:55]} 4. Bg5 {[%clk 1:31:28]} c6
{[%clk 1:29:53]} 5. e3 {[%clk 1:26:42]} dxc4 {[%clk 1:22:36]} 6. Bxc4 {[%clk
1:26:20]} Qa5+ {[%clk 1:19:57]} 7. Nbd2 {[%clk 1:25:35]} Ne4 {[%clk 1:12:01]} 8.
Bf4 {[%clk 1:24:44]} g5 {[%clk 1:09:25]} 9. Bc7 {[%clk 1:23:04]} Qxc7 {[%clk
1:08:32]} 10. Nxe4 {[%clk 1:23:29]} h6 {[%clk 1:07:22]} 11. h4 {[%clk 1:11:41]}
gxh4 {[%clk 1:06:25]} 12. Rxh4 {[%clk 0:53:30]} Be7 {[%clk 1:06:36]} 13. Rh5
{[%clk 0:47:21]} Nd7 {[%clk 1:06:35]} 14. Ne5 {[%clk 0:35:27]} Nf6 {[%clk
0:53:28]} 15. Nxf6+ {[%clk 0:31:54]} Bxf6 {[%clk 0:53:55]} 16. Qf3 {[%clk
0:29:35]} Bxe5 {[%clk 0:48:01]} 17. dxe5 {[%clk 0:27:50]} Qe7 {[%clk 0:48:23]}
18. a3 {[%clk 0:23:24]} Bd7 {[%clk 0:47:30]} 19. Qf6 {[%clk 0:22:11]} Qxf6 {[%clk
0:46:55]} 20. exf6 {[%clk 0:22:37]} O-O-O {[%clk 0:47:14]} 21. Bd3 {[%clk
0:17:46]} Rdg8 {[%clk 0:44:48]} 22. Ke2 {[%clk 0:12:47]} Rxg2 {[%clk 0:44:33]}
23. Rah1 {[%clk 0:13:13]} Re8 {[%clk 0:30:11]} 24. Rxh6 {[%clk 0:12:30]} e5
{[%clk 0:30:35]} 25. Rh8 {[%clk 0:10:08]} Rgg8 {[%clk 0:30:44]} 26. Rxg8 {[%clk
0:09:02]} Rxg8 {[%clk 0:31:12]} 27. Bc4 {[%clk 0:08:06]} Rg6 {[%clk 0:31:17]} 28.
Rh8+ {[%clk 0:05:40]} Kc7 {[%clk 0:31:42]} 29. Rf8 {[%clk 0:05:42]} Rxf6 {[%clk
0:32:01]} 30. Rxf7 {[%clk 0:05:58]} Rh6 {[%clk 0:31:37]} 31. Kd3 {[%clk 0:05:12]}
Kd6 {[%clk 0:31:33]} 32. f4 {[%clk 0:05:14]} exf4 {[%clk 0:31:32]} 33. Rxf4
{[%clk 0:03:47]} b5 {[%clk 0:31:46]} 34. Bb3 {[%clk 0:01:33]} c5 {[%clk 0:32:05]}
35. Bd1 {[%clk 0:01:50]} Ke5 {[%clk 0:28:20]} 36. Bg4 {[%clk 0:01:44]} Bc6 {[%clk
0:25:44]} 37. Rf5+ {[%clk 0:02:07]} Kd6 {[%clk 0:25:59]} 38. Bf3 {[%clk 0:01:33]}
Bxf3 {[%clk 0:25:16]} 39. Rxf3 {[%clk 0:02:02]} Rh2 {[%clk 0:25:33]} 1/2-1/2

[Event "European Women's Championship"]
[Site "Vysoke Tatry"]
[Date "2018.04.19"]
[Round "11"]
[White "Osmanodja, Filiz"]
[Black "Mkrtchian, Lilit"]
[Result "1/2-1/2"]
[Board "22"]
[WhiteElo "2300"]
[WhiteTitle "WIM"]
[WhiteCountry "GER"]
[WhiteFideId "24633569"]
[WhiteEloChange "3"]
[BlackElo "2403"]
[BlackTitle "IM"]
[BlackCountry "ARM"]
[BlackFideId "13300601"]
[BlackEloChange "-1"]

1. e4 {[%clk 1:30:58]} c6 {[%clk 1:30:48]} 2. d4 {[%clk 1:31:23]} d5 {[%clk
1:30:59]} 3. Nc3 {[%clk 1:31:49]} dxe4 {[%clk 1:30:39]} 4. Nxe4 {[%clk 1:32:17]}
Bf5 {[%clk 1:30:28]} 5. Ng3 {[%clk 1:32:11]} Bg6 {[%clk 1:30:51]} 6. h4 {[%clk
1:32:27]} h6 {[%clk 1:31:15]} 7. Nf3 {[%clk 1:32:52]} e6 {[%clk 1:31:23]} 8. Ne5
{[%clk 1:31:22]} Bh7 {[%clk 1:31:45]} 9. Bd3 {[%clk 1:27:10]} Bxd3 {[%clk
1:30:00]} 10. Qxd3 {[%clk 1:27:26]} Nd7 {[%clk 1:30:11]} 11. f4 {[%clk 1:26:17]}
Be7 {[%clk 1:30:17]} 12. h5 {[%clk 1:19:28]} Ngf6 {[%clk 1:29:15]} 13. Bd2 {[%clk
1:12:52]} O-O {[%clk 1:29:22]} 14. O-O-O {[%clk 0:53:53]} c5 {[%clk 1:29:11]} 15.
c3 {[%clk 0:42:36]} Qa5 {[%clk 0:55:10]} 16. Kb1 {[%clk 0:38:20]} cxd4 {[%clk
0:55:32]} 17. Nxd7 {[%clk 0:31:39]} Nxd7 {[%clk 0:55:51]} 18. f5 {[%clk 0:28:32]}
Ne5 {[%clk 0:25:14]} 19. Qxd4 {[%clk 0:28:55]} Rad8 {[%clk 0:25:32]} 20. Qe4
{[%clk 0:28:28]} Qd5 {[%clk 0:20:35]} 21. Qc2 {[%clk 0:17:36]} Qd3 {[%clk
0:14:26]} 22. Bf4 {[%clk 0:17:27]} Qxc2+ {[%clk 0:14:48]} 23. Kxc2 {[%clk
0:17:55]} Ng4 {[%clk 0:15:11]} 24. Rxd8 {[%clk 0:16:08]} Bxd8 {[%clk 0:11:11]}
25. Bd6 {[%clk 0:08:30]} Re8 {[%clk 0:11:36]} 26. Re1 {[%clk 0:08:25]} Bg5 {[%clk
0:03:07]} 27. Bc5 {[%clk 0:05:35]} b6 {[%clk 0:03:12]} 28. Bg1 {[%clk 0:04:38]}
Bf4 {[%clk 0:00:37]} 29. Re4 {[%clk 0:03:24]} e5 {[%clk 0:00:34]} 30. Ne2 {[%clk
0:02:59]} Nf6 {[%clk 0:01:01]} 31. Ra4 {[%clk 0:02:44]} Bg5 {[%clk 0:01:12]} 32.
Ng3 {[%clk 0:00:40]} Rd8 {[%clk 0:01:11]} 33. Nf1 {[%clk 0:00:47]} Rd7 {[%clk
0:01:28]} 34. g4 {[%clk 0:00:46]} Nd5 {[%clk 0:01:20]} 35. Re4 {[%clk 0:00:57]}
f6 {[%clk 0:01:11]} 36. Re1 {[%clk 0:00:44]} Kf7 {[%clk 0:01:20]} 37. Rd1 {[%clk
0:00:51]} Ke7 {[%clk 0:01:37]} 38. Ng3 {[%clk 0:00:42]} Nf4 {[%clk 0:01:07]} 39.
Rxd7+ {[%clk 0:00:51]} Kxd7 {[%clk 0:01:35]} 40. Ne4 {[%clk 0:30:43]} Nh3 {[%clk
0:31:25]} 41. Nxg5 {[%clk 0:25:54]} Nxg1 {[%clk 0:29:19]} 42. Ne6 {[%clk
0:18:28]} Nh3 {[%clk 0:26:38]} 43. Kd3 {[%clk 0:11:09]} Nf2+ {[%clk 0:27:00]} 44.
Ke2 {[%clk 0:11:25]} Nxg4 {[%clk 0:27:06]} 45. Kf3 {[%clk 0:09:10]} Nh2+ {[%clk
0:27:31]} 46. Kg2 {[%clk 0:09:31]} Ng4 {[%clk 0:27:58]} 1/2-1/2

[Event "European Women's Championship"]
[Site "Vysoke Tatry"]
[Date "2018.04.19"]
[Round "11"]
[White "Arabidze, Meri"]
[Black "Mamedjarova, Turkan"]
[Result "1-0"]
[Board "23"]
[WhiteElo "2393"]
[WhiteTitle "IM"]
[WhiteCountry "GEO"]
[WhiteFideId "13604040"]
[WhiteEloChange "7"]
[BlackElo "2274"]
[BlackTitle "WGM"]
[BlackCountry "AZE"]
[BlackFideId "13402005"]
[BlackEloChange "-7"]

1. d4 {[%clk 1:30:57]} d5 {[%clk 1:30:53]} 2. c4 {[%clk 1:31:21]} e6 {[%clk
1:31:17]} 3. Nc3 {[%clk 1:31:46]} Nf6 {[%clk 1:31:16]} 4. cxd5 {[%clk 1:32:03]}
exd5 {[%clk 1:31:39]} 5. Bg5 {[%clk 1:32:28]} Be7 {[%clk 1:32:01]} 6. e3 {[%clk
1:32:42]} O-O {[%clk 1:31:59]} 7. Bd3 {[%clk 1:32:39]} c6 {[%clk 1:32:08]} 8. Qc2
{[%clk 1:32:52]} Nbd7 {[%clk 1:31:48]} 9. Nf3 {[%clk 1:33:02]} Re8 {[%clk
1:31:39]} 10. h3 {[%clk 1:33:16]} Nf8 {[%clk 1:30:43]} 11. Bf4 {[%clk 1:33:34]}
Bd6 {[%clk 1:28:09]} 12. Bxd6 {[%clk 1:33:54]} Qxd6 {[%clk 1:28:32]} 13. O-O-O
{[%clk 1:34:13]} b6 {[%clk 1:23:44]} 14. g4 {[%clk 1:34:21]} Bb7 {[%clk 1:22:38]}
15. g5 {[%clk 1:33:22]} Ne4 {[%clk 1:18:13]} 16. Bxe4 {[%clk 1:32:11]} dxe4
{[%clk 1:17:34]} 17. Nd2 {[%clk 1:32:35]} c5 {[%clk 1:08:03]} 18. d5 {[%clk
1:32:42]} Rac8 {[%clk 1:00:09]} 19. Ndxe4 {[%clk 1:28:23]} Qd7 {[%clk 0:59:48]}
20. h4 {[%clk 1:08:34]} b5 {[%clk 0:51:02]} 21. h5 {[%clk 1:07:08]} b4 {[%clk
0:47:25]} 22. h6 {[%clk 1:07:14]} bxc3 {[%clk 0:47:34]} 23. hxg7 {[%clk 1:06:54]}
cxb2+ {[%clk 0:33:56]} 24. Kb1 {[%clk 1:07:03]} Kxg7 {[%clk 0:33:30]} 25. Qxb2+
{[%clk 0:59:15]} f6 {[%clk 0:33:52]} 26. Nxf6 {[%clk 0:57:30]} Qf5+ {[%clk
0:32:57]} 27. e4 {[%clk 0:56:16]} Qe5 {[%clk 0:27:10]} 28. Qxb7+ {[%clk 0:47:56]}
Kg6 {[%clk 0:25:42]} 29. Rh6+ {[%clk 0:45:16]} Kxg5 {[%clk 0:26:06]} 30. Rg1+
{[%clk 0:44:05]} Kf4 {[%clk 0:25:33]} 31. Rh4+ {[%clk 0:44:12]} Kf3 {[%clk
0:25:57]} 32. Qb3+ {[%clk 0:43:54]} Kxf2 {[%clk 0:26:08]} 33. Ng4+ {[%clk
0:43:37]} Kxg1 {[%clk 0:26:13]} 34. Qe3+ {[%clk 0:43:50]} 1-0

[Event "European Women's Championship"]
[Site "Vysoke Tatry"]
[Date "2018.04.19"]
[Round "11"]
[White "Sedina, Elena"]
[Black "Khotenashvili, Bela"]
[Result "0-1"]
[Board "24"]
[WhiteElo "2292"]
[WhiteTitle "IM"]
[WhiteCountry "ITA"]
[WhiteFideId "812153"]
[WhiteEloChange "-5"]
[BlackElo "2484"]
[BlackTitle "GM"]
[BlackCountry "GEO"]
[BlackFideId "13602640"]
[BlackEloChange "2"]

1. e4 {[%clk 1:30:55]} e5 {[%clk 1:30:54]} 2. Nf3 {[%clk 1:31:15]} Nc6 {[%clk
1:31:18]} 3. Bc4 {[%clk 1:30:54]} Bc5 {[%clk 1:31:31]} 4. O-O {[%clk 1:31:06]}
Nf6 {[%clk 1:31:50]} 5. d3 {[%clk 1:31:29]} d6 {[%clk 1:31:38]} 6. c3 {[%clk
1:31:19]} a6 {[%clk 1:32:02]} 7. Nbd2 {[%clk 1:27:49]} Ba7 {[%clk 1:32:13]} 8.
Bb3 {[%clk 1:28:06]} h6 {[%clk 1:31:45]} 9. Re1 {[%clk 1:26:32]} g5 {[%clk
1:31:51]} 10. Nf1 {[%clk 1:13:53]} g4 {[%clk 1:32:00]} 11. N3d2 {[%clk 1:13:54]}
h5 {[%clk 1:32:14]} 12. Nc4 {[%clk 1:02:09]} h4 {[%clk 1:31:34]} 13. Be3 {[%clk
0:19:17]} Bd7 {[%clk 1:28:06]} 14. Bxa7 {[%clk 0:15:53]} Nxa7 {[%clk 1:28:31]}
15. d4 {[%clk 0:13:15]} Nc6 {[%clk 1:22:42]} 16. Nce3 {[%clk 0:10:37]} Qe7 {[%clk
1:18:06]} 17. Ba4 {[%clk 0:10:04]} b5 {[%clk 0:56:25]} 18. Bc2 {[%clk 0:10:08]}
Rh5 {[%clk 0:55:11]} 19. a4 {[%clk 0:07:40]} Qd8 {[%clk 0:42:20]} 20. Nf5 {[%clk
0:04:09]} Bxf5 {[%clk 0:39:09]} 21. exf5 {[%clk 0:04:38]} Kf8 {[%clk 0:38:54]}
22. axb5 {[%clk 0:02:37]} axb5 {[%clk 0:39:18]} 23. Rxa8 {[%clk 0:01:36]} Qxa8
{[%clk 0:39:46]} 24. Be4 {[%clk 0:00:53]} exd4 {[%clk 0:34:38]} 25. cxd4 {[%clk
0:00:39]} d5 {[%clk 0:34:40]} 26. Bc2 {[%clk 0:00:42]} Qa7 {[%clk 0:33:10]} 27.
Ne3 {[%clk 0:00:39]} Qxd4 {[%clk 0:32:31]} 28. Qa1 {[%clk 0:00:46]} Ne5 {[%clk
0:30:33]} 29. Rd1 {[%clk 0:00:38]} Qf4 {[%clk 0:27:49]} 30. Nxd5 {[%clk 0:01:03]}
Nxd5 {[%clk 0:27:57]} 31. Qa8+ {[%clk 0:01:30]} Kg7 {[%clk 0:28:20]} 32. Qxd5
{[%clk 0:01:58]} c6 {[%clk 0:16:07]} 33. Qe4 {[%clk 0:01:35]} Qxe4 {[%clk
0:14:58]} 34. Bxe4 {[%clk 0:02:04]} Rh8 {[%clk 0:14:40]} 35. h3 {[%clk 0:01:24]}
gxh3 {[%clk 0:12:11]} 36. f4 {[%clk 0:01:32]} h2+ {[%clk 0:11:54]} 37. Kxh2
{[%clk 0:01:52]} Ng4+ {[%clk 0:12:19]} 38. Kg1 {[%clk 0:02:19]} c5 {[%clk
0:10:05]} 39. Bf3 {[%clk 0:00:58]} Ne3 {[%clk 0:10:28]} 40. Re1 {[%clk 0:30:35]}
Nc4 {[%clk 0:37:05]} 41. b3 {[%clk 0:02:21]} Nd2 {[%clk 0:29:29]} 42. Re3 {[%clk
0:02:36]} Nxf3+ {[%clk 0:15:16]} 43. Rxf3 {[%clk 0:03:01]} Kf6 {[%clk 0:13:38]}
44. Rd3 {[%clk 0:01:05]} Rc8 {[%clk 0:12:50]} 45. Rd6+ {[%clk 0:00:54]} Kxf5
{[%clk 0:12:56]} 46. Rb6 {[%clk 0:01:16]} b4 {[%clk 0:11:28]} 47. Kf2 {[%clk
0:01:35]} Kxf4 {[%clk 0:09:45]} 48. Rf6+ {[%clk 0:01:51]} Ke4 {[%clk 0:10:14]}
49. Rxf7 {[%clk 0:01:35]} Kd3 {[%clk 0:10:30]} 50. Rf4 {[%clk 0:00:36]} Kc2
{[%clk 0:10:35]} 51. Rxh4 {[%clk 0:00:58]} Kxb3 {[%clk 0:10:36]} 52. g4 {[%clk
0:01:13]} c4 {[%clk 0:10:18]} 53. g5 {[%clk 0:01:22]} c3 {[%clk 0:10:18]} 54. Rh3
{[%clk 0:00:56]} Kb2 {[%clk 0:10:27]} 0-1

[Event "European Women's Championship"]
[Site "Vysoke Tatry"]
[Date "2018.04.19"]
[Round "11"]
[White "Cramling, Pia"]
[Black "Charochkina, Daria"]
[Result "0-1"]
[Board "25"]
[WhiteElo "2472"]
[WhiteTitle "GM"]
[WhiteCountry "SWE"]
[WhiteFideId "1700030"]
[WhiteEloChange "-7"]
[BlackElo "2326"]
[BlackTitle "IM"]
[BlackCountry "RUS"]
[BlackFideId "4180917"]
[BlackEloChange "14"]

1. Nf3 {[%clk 1:30:53]} d5 {[%clk 1:30:52]} 2. e3 {[%clk 1:31:16]} Nf6 {[%clk
1:31:04]} 3. c4 {[%clk 1:31:32]} c6 {[%clk 1:31:27]} 4. Nc3 {[%clk 1:31:15]} e6
{[%clk 1:31:36]} 5. b3 {[%clk 1:31:09]} Nbd7 {[%clk 1:31:52]} 6. Qc2 {[%clk
1:30:03]} Bd6 {[%clk 1:31:54]} 7. Bb2 {[%clk 1:30:00]} O-O {[%clk 1:32:12]} 8.
Be2 {[%clk 1:29:08]} Qe7 {[%clk 1:20:24]} 9. O-O {[%clk 1:27:15]} Re8 {[%clk
1:14:30]} 10. Rae1 {[%clk 1:15:26]} e5 {[%clk 1:02:46]} 11. cxd5 {[%clk 1:15:08]}
Nxd5 {[%clk 1:02:42]} 12. Ne4 {[%clk 1:08:11]} Bc7 {[%clk 0:58:15]} 13. a3 {[%clk
1:02:31]} N7f6 {[%clk 0:48:41]} 14. d3 {[%clk 1:01:10]} a5 {[%clk 0:45:54]} 15.
Nfd2 {[%clk 0:59:09]} Bg4 {[%clk 0:44:16]} 16. Bxg4 {[%clk 0:36:31]} Nxg4 {[%clk
0:44:42]} 17. h3 {[%clk 0:36:51]} Ngf6 {[%clk 0:44:25]} 18. Ng3 {[%clk 0:36:21]}
Qe6 {[%clk 0:40:42]} 19. Rc1 {[%clk 0:34:20]} Rad8 {[%clk 0:38:46]} 20. Rfd1
{[%clk 0:34:35]} Nd7 {[%clk 0:26:43]} 21. Nf3 {[%clk 0:26:10]} Qg6 {[%clk
0:25:17]} 22. Re1 {[%clk 0:20:00]} Bb6 {[%clk 0:24:20]} 23. Nh4 {[%clk 0:17:36]}
Qe6 {[%clk 0:21:27]} 24. Nf3 {[%clk 0:17:34]} h6 {[%clk 0:15:25]} 25. Rcd1 {[%clk
0:15:22]} f5 {[%clk 0:10:12]} 26. e4 {[%clk 0:13:11]} fxe4 {[%clk 0:10:40]} 27.
dxe4 {[%clk 0:12:16]} Nf4 {[%clk 0:11:04]} 28. Kh2 {[%clk 0:09:41]} Nc5 {[%clk
0:07:55]} 29. Nxe5 {[%clk 0:09:11]} Qxb3 {[%clk 0:05:47]} 30. Qc4+ {[%clk
0:03:18]} Qxc4 {[%clk 0:05:47]} 31. Nxc4 {[%clk 0:03:47]} Bc7 {[%clk 0:06:08]}
32. Rxd8 {[%clk 0:01:28]} Rxd8 {[%clk 0:06:32]} 33. Be5 {[%clk 0:01:42]} Bxe5
{[%clk 0:06:28]} 34. Nxe5 {[%clk 0:02:11]} Rd2 {[%clk 0:06:17]} 35. Nf5 {[%clk
0:00:36]} Rxf2 {[%clk 0:04:23]} 36. Kg3 {[%clk 0:00:40]} Re2 {[%clk 0:04:42]} 37.
Rd1 {[%clk 0:00:37]} Rxe4 {[%clk 0:04:43]} 38. Rd8+ {[%clk 0:00:52]} Kh7 {[%clk
0:05:11]} 39. Nf7 {[%clk 0:00:50]} Kg6 {[%clk 0:03:15]} 40. N7d6 {[%clk 0:30:40]}
Ra4 {[%clk 0:30:58]} 41. Rf8 {[%clk 0:25:44]} Rxa3+ {[%clk 0:14:43]} 42. Kh2
{[%clk 0:26:05]} Nce6 {[%clk 0:14:56]} 43. Ne7+ {[%clk 0:22:32]} Kh7 {[%clk
0:14:36]} 44. Rb8 {[%clk 0:21:57]} Ra2 {[%clk 0:10:48]} 45. Nf7 {[%clk 0:20:35]}
Rxg2+ {[%clk 0:08:34]} 46. Kh1 {[%clk 0:21:03]} g5 {[%clk 0:09:02]} 0-1

[Event "European Women's Championship"]
[Site "Vysoke Tatry"]
[Date "2018.04.19"]
[Round "11"]
[White "Socko, Monika"]
[Black "Belenkaya, Dina"]
[Result "1-0"]
[Board "26"]
[WhiteElo "2471"]
[WhiteTitle "GM"]
[WhiteCountry "POL"]
[WhiteFideId "1106619"]
[WhiteEloChange "3"]
[BlackElo "2308"]
[BlackTitle "WGM"]
[BlackCountry "RUS"]
[BlackFideId "24142654"]
[BlackEloChange "-6"]

1. e4 {[%clk 1:30:58]} c6 {[%clk 1:29:04]} 2. d4 {[%clk 1:31:23]} d5 {[%clk
1:29:32]} 3. e5 {[%clk 1:31:49]} c5 {[%clk 1:29:59]} 4. dxc5 {[%clk 1:32:15]} e6
{[%clk 1:30:26]} 5. a3 {[%clk 1:31:56]} Bxc5 {[%clk 1:30:37]} 6. Qg4 {[%clk
1:31:58]} Bf8 {[%clk 1:27:03]} 7. Nf3 {[%clk 1:30:18]} Ne7 {[%clk 1:26:42]} 8.
Bd3 {[%clk 1:29:41]} Nbc6 {[%clk 1:24:18]} 9. O-O {[%clk 1:25:58]} Qc7 {[%clk
1:24:06]} 10. Re1 {[%clk 1:23:19]} Bd7 {[%clk 1:21:25]} 11. Nc3 {[%clk 1:22:09]}
a6 {[%clk 1:19:59]} 12. Bd2 {[%clk 1:20:47]} Ng6 {[%clk 1:12:25]} 13. Qg3 {[%clk
1:12:14]} Bc5 {[%clk 1:11:28]} 14. Nxd5 {[%clk 0:56:26]} exd5 {[%clk 1:11:37]}
15. e6 {[%clk 0:56:53]} Qxg3 {[%clk 1:08:29]} 16. exd7+ {[%clk 0:56:52]} Kxd7
{[%clk 1:08:54]} 17. hxg3 {[%clk 0:55:39]} Rhe8 {[%clk 1:06:28]} 18. Bc3 {[%clk
0:50:37]} f6 {[%clk 1:01:19]} 19. Red1 {[%clk 0:45:23]} Nce7 {[%clk 0:56:55]} 20.
b4 {[%clk 0:42:26]} Bd6 {[%clk 0:53:50]} 21. b5 {[%clk 0:42:47]} Rec8 {[%clk
0:51:55]} 22. Bb4 {[%clk 0:35:48]} Ne5 {[%clk 0:50:18]} 23. bxa6 {[%clk 0:33:45]}
bxa6 {[%clk 0:50:43]} 24. Nxe5+ {[%clk 0:31:16]} fxe5 {[%clk 0:49:22]} 25. c4
{[%clk 0:27:33]} d4 {[%clk 0:46:25]} 26. f4 {[%clk 0:26:34]} a5 {[%clk 0:35:35]}
27. Be1 {[%clk 0:20:11]} Rd8 {[%clk 0:24:36]} 28. fxe5 {[%clk 0:17:45]} Bxe5
{[%clk 0:25:04]} 29. Rab1 {[%clk 0:18:12]} Rdb8 {[%clk 0:21:17]} 30. Rb5 {[%clk
0:18:19]} Rxb5 {[%clk 0:20:36]} 31. cxb5 {[%clk 0:18:47]} Kc7 {[%clk 0:14:16]}
32. Be4 {[%clk 0:17:22]} Ra7 {[%clk 0:14:35]} 33. Bf2 {[%clk 0:16:59]} Kb6 {[%clk
0:14:46]} 34. Rxd4 {[%clk 0:16:27]} Bxd4 {[%clk 0:07:33]} 35. Bxd4+ {[%clk
0:16:33]} Kxb5 {[%clk 0:07:59]} 36. Bxa7 {[%clk 0:16:42]} g6 {[%clk 0:07:40]} 37.
Kf2 {[%clk 0:15:44]} Nc8 {[%clk 0:06:49]} 38. Bd3+ {[%clk 0:16:02]} Kc6 {[%clk
0:07:18]} 39. Bd4 {[%clk 0:16:16]} Nd6 {[%clk 0:04:14]} 40. a4 {[%clk 0:46:12]}
Kd5 {[%clk 0:31:25]} 41. Ke3 {[%clk 0:45:16]} Nc8 {[%clk 0:30:48]} 42. Bc3 {[%clk
0:43:55]} Nb6 {[%clk 0:30:45]} 43. Bb5 {[%clk 0:44:21]} 1-0

[Event "European Women's Championship"]
[Site "Vysoke Tatry"]
[Date "2018.04.19"]
[Round "11"]
[White "Hoang, Thanh Trang"]
[Black "Gvanceladze, Anna"]
[Result "1/2-1/2"]
[Board "27"]
[WhiteElo "2437"]
[WhiteTitle "GM"]
[WhiteCountry "HUN"]
[WhiteFideId "12400149"]
[WhiteEloChange "-2"]
[BlackElo "2302"]
[BlackTitle "WFM"]
[BlackCountry "RUS"]
[BlackFideId "4113721"]
[BlackEloChange "4"]

1. d4 {[%clk 1:30:57]} d5 {[%clk 1:28:23]} 2. Nf3 {[%clk 1:31:09]} Nf6 {[%clk
1:28:49]} 3. c4 {[%clk 1:31:17]} c6 {[%clk 1:29:15]} 4. e3 {[%clk 1:31:15]} g6
{[%clk 1:29:30]} 5. b3 {[%clk 1:30:47]} Bg7 {[%clk 1:29:51]} 6. Bb2 {[%clk
1:31:03]} O-O {[%clk 1:27:36]} 7. Be2 {[%clk 1:30:16]} Bg4 {[%clk 1:23:24]} 8.
O-O {[%clk 1:28:41]} Nbd7 {[%clk 1:20:49]} 9. h3 {[%clk 1:28:18]} Bxf3 {[%clk
1:19:32]} 10. Bxf3 {[%clk 1:28:35]} e6 {[%clk 1:19:45]} 11. Nc3 {[%clk 1:27:23]}
Re8 {[%clk 1:15:41]} 12. Rc1 {[%clk 1:23:37]} Rc8 {[%clk 1:13:32]} 13. Rc2 {[%clk
1:18:46]} a6 {[%clk 1:10:47]} 14. Qd2 {[%clk 1:02:08]} Nb6 {[%clk 1:00:42]} 15.
Ne2 {[%clk 0:53:00]} dxc4 {[%clk 0:49:57]} 16. bxc4 {[%clk 0:53:10]} e5 {[%clk
0:50:05]} 17. Ng3 {[%clk 0:49:09]} h5 {[%clk 0:45:55]} 18. Rb1 {[%clk 0:44:51]}
h4 {[%clk 0:43:56]} 19. Nf1 {[%clk 0:44:42]} e4 {[%clk 0:41:59]} 20. Be2 {[%clk
0:43:15]} Nbd7 {[%clk 0:36:51]} 21. Bc3 {[%clk 0:34:42]} b6 {[%clk 0:35:33]} 22.
a4 {[%clk 0:33:44]} Qe7 {[%clk 0:29:12]} 23. Bb4 {[%clk 0:32:10]} Qe6 {[%clk
0:27:52]} 24. a5 {[%clk 0:31:05]} bxa5 {[%clk 0:25:26]} 25. Bxa5 {[%clk 0:30:37]}
c5 {[%clk 0:25:24]} 26. Rcb2 {[%clk 0:27:07]} Nh7 {[%clk 0:24:04]} 27. Rb7 {[%clk
0:26:59]} Ng5 {[%clk 0:22:26]} 28. Bc7 {[%clk 0:24:33]} Bh6 {[%clk 0:17:09]} 29.
Bf4 {[%clk 0:22:58]} Red8 {[%clk 0:16:16]} 30. d5 {[%clk 0:21:23]} Qe7 {[%clk
0:15:49]} 31. R1b6 {[%clk 0:18:51]} Qe8 {[%clk 0:10:55]} 32. Rxa6 {[%clk
0:18:49]} Ra8 {[%clk 0:09:35]} 33. Qa5 {[%clk 0:17:13]} Ne5 {[%clk 0:08:34]} 34.
Rxa8 {[%clk 0:14:53]} Rxa8 {[%clk 0:09:03]} 35. Qc7 {[%clk 0:14:59]} Nd3 {[%clk
0:08:15]} 36. Rb8 {[%clk 0:14:10]} Rxb8 {[%clk 0:07:32]} 37. Qxb8 {[%clk
0:14:34]} Qxb8 {[%clk 0:07:51]} 38. Bxb8 {[%clk 0:14:57]} Nc1 {[%clk 0:06:46]}
39. Bd1 {[%clk 0:15:13]} Bf8 {[%clk 0:06:57]} 40. Nd2 {[%clk 0:43:53]} f5 {[%clk
0:37:00]} 41. Nb3 {[%clk 0:40:17]} Nxb3 {[%clk 0:36:20]} 42. Bxb3 {[%clk
0:40:38]} Nf7 {[%clk 0:36:29]} 43. Bc7 {[%clk 0:38:53]} Kg7 {[%clk 0:35:53]} 44.
Ba4 {[%clk 0:37:39]} Bd6 {[%clk 0:35:37]} 45. Ba5 {[%clk 0:38:01]} Ne5 {[%clk
0:33:41]} 46. Bb5 {[%clk 0:37:52]} Kf6 {[%clk 0:32:55]} 47. g3 {[%clk 0:30:14]}
g5 {[%clk 0:27:51]} 48. Kg2 {[%clk 0:29:53]} Ke7 {[%clk 0:27:49]} 49. Bb6 {[%clk
0:16:40]} Kf6 {[%clk 0:27:41]} 50. Bd8+ {[%clk 0:15:07]} Be7 {[%clk 0:28:08]} 51.
Bc7 {[%clk 0:15:10]} Nf7 {[%clk 0:28:34]} 52. gxh4 {[%clk 0:12:53]} gxh4 {[%clk
0:26:57]} 53. f4 {[%clk 0:13:12]} exf3+ {[%clk 0:25:07]} 54. Kxf3 {[%clk
0:13:34]} Ng5+ {[%clk 0:24:37]} 55. Ke2 {[%clk 0:12:38]} Ne4 {[%clk 0:24:22]} 56.
Bd7 {[%clk 0:11:04]} Bd6 {[%clk 0:23:40]} 57. Ba5 {[%clk 0:10:20]} Be7 {[%clk
0:23:08]} 58. Bc8 {[%clk 0:10:05]} Bd6 {[%clk 0:21:38]} 59. Kf3 {[%clk 0:08:41]}
Ng5+ {[%clk 0:21:56]} 60. Kg2 {[%clk 0:09:01]} Nf7 {[%clk 0:21:43]} 61. Kf2
{[%clk 0:06:18]} Be7 {[%clk 0:20:11]} 62. Bc3+ {[%clk 0:05:58]} Kg6 {[%clk
0:19:55]} 63. Ba5 {[%clk 0:05:07]} Kf6 {[%clk 0:18:26]} 64. Ke2 {[%clk 0:04:55]}
Nd6 {[%clk 0:16:00]} 65. Ba6 {[%clk 0:05:19]} Ne4 {[%clk 0:16:19]} 66. Be1 {[%clk
0:04:01]} Ke5 {[%clk 0:16:25]} 67. Kd3 {[%clk 0:03:32]} Bg5 {[%clk 0:14:41]} 68.
Bc8 {[%clk 0:03:15]} Ng3 {[%clk 0:12:54]} 69. Bc3+ {[%clk 0:03:25]} Kd6 {[%clk
0:13:22]} 70. Bg7 {[%clk 0:03:18]} Be7 {[%clk 0:08:25]} 71. Bh6 {[%clk 0:03:21]}
Ke5 {[%clk 0:08:43]} 72. Bg7+ {[%clk 0:02:30]} Kd6 {[%clk 0:09:08]} 73. Bh6
{[%clk 0:02:12]} Ke5 {[%clk 0:09:37]} 74. Bf4+ {[%clk 0:02:35]} Kf6 {[%clk
0:10:04]} 75. d6 {[%clk 0:02:43]} Bd8 {[%clk 0:10:28]} 76. Bb7 {[%clk 0:02:44]}
Nh5 {[%clk 0:10:03]} 77. Bh2 {[%clk 0:02:36]} Ng3 {[%clk 0:10:26]} 78. e4 {[%clk
0:01:02]} fxe4+ {[%clk 0:08:25]} 79. Bxe4 {[%clk 0:01:27]} Ke6 {[%clk 0:08:49]}
80. Ke3 {[%clk 0:00:59]} Kxd6 {[%clk 0:09:08]} 81. Kf3 {[%clk 0:01:22]} Ke5
{[%clk 0:09:29]} 82. Bh7 {[%clk 0:01:26]} Be7 {[%clk 0:08:48]} 83. Bg1 {[%clk
0:01:10]} Nf1 {[%clk 0:08:11]} 84. Kg4 {[%clk 0:01:16]} Nd2 {[%clk 0:08:14]} 85.
Bg8 {[%clk 0:01:41]} Ke4 {[%clk 0:07:35]} 86. Bh7+ {[%clk 0:01:10]} Ke5 {[%clk
0:07:54]} 87. Bd3 {[%clk 0:01:20]} Nb3 {[%clk 0:07:13]} 88. Bf2 {[%clk 0:00:58]}
Nc1 {[%clk 0:05:26]} 89. Bh7 {[%clk 0:00:58]} Ne2 {[%clk 0:04:04]} 90. Bxh4
{[%clk 0:00:46]} Bxh4 {[%clk 0:02:59]} 91. Kxh4 {[%clk 0:01:10]} Kf4 {[%clk
0:03:28]} 92. Kh5 {[%clk 0:01:12]} Ng3+ {[%clk 0:03:45]} 93. Kg6 {[%clk 0:01:15]}
Nf5 {[%clk 0:03:52]} 94. Bg8 {[%clk 0:01:04]} Ne7+ {[%clk 0:03:40]} 95. Kf7
{[%clk 0:01:25]} Nc6 {[%clk 0:04:05]} 96. Kf6 {[%clk 0:01:37]} Kg3 {[%clk
0:04:26]} 97. Be6 {[%clk 0:02:00]} Kh4 {[%clk 0:04:48]} 1/2-1/2